| 000 | 00937nam a22002297a 4500 | ||
|---|---|---|---|
| 005 | 20240530110439.0 | ||
| 008 | 150419s2011 ua o f 000 0 ara d | ||
| 017 |
_a2011/3107 _bمصر . دار الكتب المصرية |
||
| 020 | _a9789774276715 | ||
| 040 | _aEG-CaGPL | ||
| 082 | 0 | 4 |
_221 _a962.064 _bق/خ ج |
| 100 | 0 | _aخالد عزب | |
| 245 | 1 | 0 |
_aجمال عبدالناصر : _bمن القرية الى الوطن العربى الكبير ( 1918 - 1972 ) / _cخالد عزب ؛ صفاء خليفة . |
| 250 | _aط1. | ||
| 260 |
_aالقاهرة : _bالدار المصرية اللبنانية ، _c2011. |
||
| 300 |
_a556 ص : _bصور ؛ _c24 سم. |
||
| 600 | 0 |
_aجمال عبدالناصر _vصور. |
|
| 651 | 0 | 4 |
_aمصر _xتاريخ _yالعصر الحديث _yجمال عبدالناصر. |
| 700 | 0 |
_aصفاء خليفة _eمؤلف مشارك |
|
| 942 |
_2ddc _cBK |
||
| 999 |
_c61016 _d61016 |
||